000 00656nam a2200265Ia 4500
005 20260121161404.0
008 008 260114s9999 xx 000 0 eng d
020 _a9780429213816
037 _aEBOOK
040 _aCRL
040 _beng
040 _cCRL
041 _2eng
041 _aeng
084 _qCRL
100 _aPhysical Principles of Food Preservation
_91043984
245 0 _aDaryl Lund; Marcus Karel
260 _bTaylor and Francis
260 _c2003
650 _aFood Chemistry
_91043985
856 _uhttp://www.taylorfrancis.com/books/9780429213816
942 _cEBOOK
999 _c1610398
_d1610398